000 00387cam a2200169 4500
001 D12659
008 090401t1930 xxu||||| |||| 00| 0 eng d
035 _a(Sirsi) u5005
041 _aeng
100 _aDunham, C.J.
245 4 _aThe pre-examination notebook.
260 _aLondon
_bEstates Gazette
_c1930
350 _a0
520 _aShelf 115
942 _n0
948 _c04/03/1997
999 _c86103
_d86103